| 000 | 00358 a2200157 4500 | ||
|---|---|---|---|
| 001 | 71330 | ||
| 020 | _a8501061921 | ||
| 040 | _cAnchieta - Colégio São Paulo | ||
| 100 | _acatinari, antonella | ||
| 240 | 1 | 0 |
_aA bicicleta e o tempo _lpor |
| 245 | 1 | 0 | _aA bicicleta e o tempo |
| 300 | _a50 | ||
| 362 | 0 | _a2003 | |
| 650 | 4 | _aLiteratura juvenil | |
| 942 | _cBK | ||
| 999 |
_c71330 _d71330 |
||